LEADER 01280nam a2200289 u 4500 001 000000017836 003 CaOOAMICUS 005 20070226110615.0 008 950220s1959 it u000 u ita u 035 $a10415626 040 $aPUL(R)$bita 100 1 $aGonella, Guido,$d1905-1982.$0(OLS)http://pul/name/3766 245 13$aLa crisi del contrattualismo /$cGuido Gonella. 260 $aMilano :$bGiuffrè,$c1959. 300 $a194 p. ;$c26 cm 490 1 $aPubblicazioni dell'Istituto di filosofia del diritto dell'Università di Roma 504 $aContiene indicazioni bibliografiche in nota. 650 4$aDiritto e società.$0(OLS)http://pul/subject/12546 650 4$aDiritto privato.$0(OLS)http://pul/subject/2286 650 4$aFilosofia del diritto.$0(OLS)http://pul/subject/620 830 0$aPubblicazioni dell'Istituto di filosofia del diritto dell'Università di Roma.$0(OLS)http://pul/title/5270 850 $aPUL 852 $aPUL$W1$xDP2 Diritto e Scienze Sociali 1$y65$m237 C 14$j25119$qStampati$B25119$CPULBib$Z2$F25119 $H21745 $82 941 1 $a8 960 $aDiritto$xFilosofia$9620 996 $6245$aLa crisi del contrattualismo$9(OLS)http://pul/title/25510 996 $6260$aMilano :$bGiuffrè$9(OLS)http://pul/publisher/48401 LEADER 01015nam a2200229 u 4500 001 000000018545 003 CaOOAMICUS 005 20070226110704.0 008 940723s1627 it i u000 u lat u 035 $a10438486 040 $aPUL(R)$bita 100 1 $aLavori, Giulio,$dsec. XVI-XVII.$0(OLS)http://pul/name/16477 245 10$aDe indulgentiis tractatus in duas partes divisus.. 260 $aRomae :$bsecundo impressus sumptibus Ioannis Francisci Corbelletti,$c1627. 300 $a[12], 130 p. :$bstemma, ;$c22 cm 500 $aFrontespizio inciso con stemma. 650 4$aIndulgenze.$0(OLS)http://pul/subject/2994 850 $aPUL 852 $aPUL$W1$xDP1 Antico 600$y25$m39 F 16$j26114$nBK-PRI$b $qStampati Antico$B26114$CPULBib$Z2$F26114 $H $81 941 1 $a15 996 $6245$aDe indulgentiis tractatus in duas partes divisus..$9(OLS)http://pul/title/26398 996 $6260$aRomae :$bsecundo impressus sumptibus Ioannis Francisci Corbelletti$9(OLS)http://pul/publisher/55778